| 000 | 01101nam a22002892 4500 | ||
|---|---|---|---|
| 001 | 0000024475 | ||
| 005 | 20151217154510.0 | ||
| 008 | 131217s xx 000 0 eng d | ||
| 020 | _a0199562718 : | ||
| 040 |
_aKABU _cKABU |
||
| 100 | 1 |
_aDixon, Martin. _@0000180221 |
|
| 245 | 1 | 0 |
_aCases and materials on international law / _cMartin Dixon, Robert McCorquodale, Sarah Williams. |
| 250 | _a5th ed. | ||
| 260 |
_aOxford : _bO. U. P., _c2011. |
||
| 300 | _alvi, 708 p. | ||
| 650 | 0 |
_aInternational law _xCases. _@0000158678 |
|
| 700 | 1 |
_aMcCorquodale, Robert. _@0000180270 |
|
| 700 | 1 |
_aWilliams, Sarah. _@0000184641 |
|
| 852 | 1 | _9p8500 KES | |
| 852 | 1 | _9p8500 KES | |
| 852 | 1 | _9p8500 KES | |
| 852 | 1 | _9p8500 KES | |
| 852 | 1 | _9p8500 KES | |
| 852 | 1 | _9p8500 KES | |
| 908 | _a131217 | ||
| 950 | _@1 | ||
| 999 |
_c11554 _d11554 |
||